General Knowledge 1082 - Statistics

General Stats
  • This quiz has been taken 29 times
  • The average score is 4 of 7
Answer Stats
Hint Answer % Correct
What is 81x3 243
97%
What does Fe in science mean Iron
79%
What is the plural of nucleaus Nuclei
66%
What country is known as the rainbow nation South Africa
45%
Which continent is blobfish native to Australia
38%
Which musician died on June 25th Michael Jackson
38%
What is the main indgrideint in tofu Soy Beans
28%
No matching quizzes found
Score Distribution
Percent of People with Each Score
Percentile by Number Answered
Your Score History
You have not taken this quiz